| 000 -CABECERA |
| Longitud fija campo de control |
00555nam a2200169 a 4500 |
| 001 - NÚMERO DE CONTROL |
| Número de control |
1821 |
| 003 - IDENTIFICADOR DEL NÚMERO DE CONTROL |
| Identificador del número de control |
CDMR |
| 005 - FECHA Y HORA DE LA ÚLTIMA TRANSACCIÓN |
| Fecha y hora de la última transacción |
20130313114050.0 |
| 008 - CÓDIGOS DE INFORMACIÓN DE LONGITUD FIJA |
| Códigos de información de longitud fija |
130130s1996||||||||||||||||||||||||||||d |
| 020 ## - NÚMERO INTERNACIONAL NORMALIZADO PARA LIBROS |
| Número Internacional Normalizado para Libros (ISBN) |
8486812550 |
| 040 ## - FUENTE DE LA CATALOGACIÓN |
| Centro catalogador de origen |
CDMR |
| Lengua de catalogación |
cat |
| Centro transcriptor |
CPC GIRONA |
| 100 1# - PUNTO DE ACCESO PRINCIPAL-NOMBRE DE PERSONA |
| Nombre de persona |
Marquès, Enric |
| 9 (RLIN) |
1361 |
| 245 12 - MENCIÓN DE TÍTULO |
| Título |
L'art, la ciutat i el món |
| Mención de responsabilidad, etc. |
Enric Marquès ; introducció i selecció a cura de Narcís-Jordi Aragó i Josep Clara ; il.lustracions d'Enric Marquès |
| 260 ## - PUBLICACIÓN, DISTRIBUCIÓN, ETC. (PIE DE IMPRENTA) |
| Fecha de publicación, distribución, etc. |
1996 |
| Nombre del editor, distribuidor, etc. |
Diputació de Girona |
| Lugar de publicación, distribución, etc. |
Girona |
| 490 0# - MENCIÓN DE SERIE |
| Mención de serie |
Col·lecció Josep Pla |
| Designación de volumen o secuencia |
7 |
| 942 ## - ENTRADA DE ELEMENTOS AGREGADOS (KOHA) |
| Koha [por defecto] tipo de item |
Monografies |
| Fuente de clasificaión o esquema |
|